India's demand and supply position of natural rubber to the year 2000 (Record no. 51257)

MARC details
000 -LEADER
fixed length control field 00390nam a2200145Ia 4500
100 ## - MAIN ENTRY--AUTHOR NAME
Personal name Menon P.M.
245 #0 - TITLE STATEMENT
Title India's demand and supply position of natural rubber to the year 2000
260 ## - PUBLICATION, DISTRIBUTION, ETC. (IMPRINT)
Name of publisher ANRPC News
Year of publication 1992
300 ## - PHYSICAL DESCRIPTION
Number of Pages 15-20
650 ## - SUBJECT ADDED ENTRY--TOPICAL TERM
Topical Term Rubber consumption
650 ## - SUBJECT ADDED ENTRY--TOPICAL TERM
Topical Term Rubber production
700 ## - ADDED ENTRY--PERSONAL NAME
Personal name Unni R.G.
942 ## - ADDED ENTRY ELEMENTS (KOHA)
Koha item type Bibliography STAF
Holdings
Withdrawn status Lost status Damaged status Not for loan Home library Current library Shelving location Date acquired Serial Enumeration / chronology Koha item type
      Bibliography RRII Library RRII Library Rubber general 09/04/2014 Volume 7, Issue 1 Bibliography STAF